01368nam a22003257a 4500001000700000003000900007005001700016007000700033008004300040020001600083040002200099092002200121100003100143240003800174245011200212260005000324300003600374501004300410650002000453650002400473700004000497700003900537910003700576942001200613945003900625952015700664952016400821956004000985999001701025000374DO-SdBNP20171205105606.0000374160707b 1975 sp ||||| |||| 00| 0 spa d a8422601761  aBPMSUbspacBPMSU a843. 8 bV531isl1 aVerne, Jules, d1828-1905.10aL'île mystérieuse.lEspañol10aLa isla misteriosa /cJulio Verne ; ilustraciones de Ballestar ; traducción, Genoveva Bernard de Ferrer. a[Barcelona] : bCírculo de Lectores,c1975. a236 p., 2 h. : b il. ;c21 cm. aIncluye datos biográficos del autor. 4aNOVELA FRANCESA 4aLITERATURA FRANCESA12aBallestar, Vicente B.,d1929-eil. 12aBernard de Ferrer, Genoveva,dtr.  aValidado. Control de calidad MFF 2ddccBK a Inventariado extranjero / 2017 VM 00102ddc40708CGaBPMETbBPMETd2016-07-07eDonado Fundación Economía y Desarrollol0o843.8 V531islpBPMSU16070224r2016-07-07w2016-07-07yBK 00102ddc40708CGaBPMETbBPMETd2016-07-14eDonado Fundación Economía y Desarrollol0o843.8 V531islpBPMSU16070468r2016-07-14te. 2w2016-07-14yBK 2LOPEREZ3106201607078BPMSUa00041 c10760d10760